000 00520nam a2200217Ia 4500
003 OSt
005 20220928143411.0
006 a|||||r|||| 00| 0
007 ta
008 220927b |||||||| |||| 00| 0 eng d
024 _a22012
037 _cTextual
040 _aSDCL
_cSDCL
_beng
041 _2eng
_aeng
082 _aO15,1B2:g(W), P4
100 _aBist B S
_9505358
245 0 _aViduraniti.
260 _c2004
942 _hO15,1B2:g(W), P4
_cTEXL
_2CC
999 _c824033
_d824033